Speed Demons: Top 10 Fastest Men and Women in the 200m - Statistics

General Stats
  • This quiz has been taken 32 times
  • The average score is 9 of 20
Answer Stats
Group Answer % Correct
Men Usain Bolt
97%
Men Yohan Blake
87%
Men Justin Gatlin
73%
Men Michael Johnson
73%
Men Noah Lyles
73%
Men Andre De Grasse
67%
Women Florence Griffith-Joyner
63%
Men Tyson Gay
63%
Women Shericka Jackson
47%
Men Letsile Tebogo
43%
Men Erriyon Knighton
37%
Women Marion Jones
37%
Women Elaine Thompson-Herah
33%
Women Dafne Schippers
27%
Men Walter Dix
23%
Women Allyson Felix
20%
Women Gabrielle Thomas
20%
Women Marita Koch
20%
Women Merlene Ottey
20%
Women Heike Drechsler
0%
No matching quizzes found
Score Distribution
Percent of People with Each Score
Percentile by Number Answered
Your Score History
You have not taken this quiz